|
|
|
|
| LEADER |
00000cam a2200000 7i4500 |
| 001 |
0000003310 |
| 005 |
20151222.0 |
| 008 |
070718 |
| 020 |
|
|
|a 9838913707
|
| 020 |
|
|
|a 9838913723(set)
|
| 090 |
0 |
0 |
|a JF
|b CT MAL (4056)
|
| 100 |
0 |
|
|a Mohamad Sobri bin Jaafar
|
| 245 |
1 |
0 |
|a Pengembaraan putera mahkota
|c Mohamad Sobri bin Jaafar
|
| 260 |
|
|
|a Selangor :
|b Penerbit Orkid ,
|c 2004
|
| 440 |
|
|
|a Siri cerita klasik
|
| 500 |
|
|
|a Children ages 7-9 years old (orange)
|
| 650 |
|
0 |
|a Junior fiction
|x Classic tales
|x Malay fiction
|
| 999 |
|
|
|a 0000914088
|b Book
|c Teenagers
|e Cawangan Bandar Tenggara
|
| 999 |
|
|
|a 0000920529
|b Book
|c Children Collection
|e Cawangan Bukit Gambir
|
| 999 |
|
|
|a 0000920531
|b Book
|c Children Collection
|e Cawangan Bukit Gambir
|
| 999 |
|
|
|a 0000929684
|b Book
|c Children Collection
|e Cawangan Tangkak
|
| 999 |
|
|
|a 0000929685
|b Book
|c Children Collection
|e Cawangan Tangkak
|
| 999 |
|
|
|a 0000929686
|b Book
|c Children Collection
|e Cawangan Tangkak
|
| 999 |
|
|
|a 0000971223
|b Book
|c Children Collection
|e Perbadanan Perpustakaan Awam Johor
|
| 999 |
|
|
|a 0000971224
|b Book
|c Children Collection
|e Cawangan Kota Tinggi
|
| 999 |
|
|
|a 0000971225
|b Book
|c Children Collection
|e Cawangan Segamat
|
| 999 |
|
|
|a 0000971226
|b Book
|c Children Collection
|e Perbadanan Perpustakaan Awam Johor
|
| 999 |
|
|
|a 0000971227
|b Book
|c Children Collection
|e Perbadanan Perpustakaan Awam Johor
|